Διεθνής ναυτιλιακή πολιτική και η νέα σύμβαση για το δίκαιο της θάλασσας

Αποθηκεύτηκε σε:
Λεπτομέρειες βιβλιογραφικής εγγραφής
Κύριος συγγραφέας: Βλάχος, Γεώργιος Π.
Άλλοι συγγραφείς: Σαμιώτης, Γεώργιος Δ., 1953-
Μορφή: Βιβλίο
Γλώσσα:Greek
Δημοσίευση: Αθήνα, Κομοτηνή : Σάκκουλας, 1997.
Θέματα:
Ετικέτες: Προσθήκη ετικέτας
Δεν υπάρχουν, Καταχωρήστε ετικέτα πρώτοι!

MARC

LEADER 00000cam a2200000 i 4500
001 1/98012
008 000117s1997 gr | ||| |||| ||gre||
020 |a 9602325739 
035 |l 10056353 
040 |a GR-MY-UA  |b gre  |e aacr 
041 0 |a gre 
082 7 |a 344.046343   |2 (22) 
100 1 |a Βλάχος, Γεώργιος Π. 
245 1 0 |a Διεθνής ναυτιλιακή πολιτική και η νέα σύμβαση για το δίκαιο της θάλασσας /   |c Γ. Π. Βλάχος, Γ. Δ. Σαμιώτης ; πρόλογος: Χρήστος Λ. Ροζάκης.  
260 |a Αθήνα, Κομοτηνή :   |b Σάκκουλας,   |c 1997.  
300 |a 527 σ. ;   |c 24 εκ.  
504 |a Περιέχει βιβλιογραφικές παραπομπές.  
650 0 0 |a Maritime law. 
650 0 0 |a Ocean  |x Law and legislation. 
700 1 |a Σαμιώτης, Γεώργιος Δ.,   |d 1953- 
852 |a INST  |b CHIOS  |e 20000905  |h 344.046343 ΒΛΑ  |p 005200018488  |q 005200018488  |t BK  |y 0 
852 |a INST  |b CHIOS  |e 20010206  |h 344.046343 ΒΛΑ  |p 005200021435  |q 005200021435  |t BK  |y 0 
852 |a INST  |b LESVOS  |e 20000117  |h 344.046343 ΒΛΑ  |p 005100024175  |q 005100024175  |t BK  |y 0 
901 |a BIBL1-2000-2 
901 |a BIBL2-2000-2 
901 |a BIBL2-2001-1 
909 |a Λ  |b 072730 
909 |a Χ  |b 074599 
909 |a Χ  |b 083093 
922 |a 1ΕΛΗ  |b 199912  |c ΚΠΣ/ΠΜΣ  |d ΠΑΠΑΣΩΤΗΡΙΟΥ 
970 |a ΚΑΜΑΤΣΟΥ  |b ΔΕΣΠΟΙΝΑ  |z 2000/05/30 
970 |z 2000/09